[Event "Standard Tournament Under 1600"]
[Site "SchemingMind.com"]
[Date "2010.12.11"]
[Round "-"]
[White "maro"]
[Black "BigDaddy"]
[Result "0-1"]
[WhiteCountry "MEX"]
[BlackCountry "AUT"]
[WhiteElo "1333"]
[WhiteRD "59"]
[BlackElo "1393"]
[BlackRD "64"]
[GameID "269322"]

1. c4 Nf6 2. Nc3 e5 3. d4 d6 4. d5 g6 5. Nf3 Bg7 6. g3 Bg4 7. Bg2 Bxf3 8. Bxf3 Nbd7 9. O-O c5 10. Bd2 O-O
11. e4 Qb6 12. Na4 Qc7 13. b3 a6 14. b4 b5 15. cxb5 axb5 16. Nb2 c4 17. a4 Qb7 18. a5 h5 19. h4 Rfe8 20. Bg5 c3
21. Nd3 Rac8 22. a6 Qb6 23. Bxf6 Bxf6 24. Kh2 c2 25. Qd2 Rc7 26. Rfc1 Rec8 27. a7 Rxa7 28. Rxa7 Qxa7 29. Rxc2 Rxc2 30. Qxc2 Nb6
31. Be2 Nc4 32. Kg2 Na3 33. Qc8+ Kg7 34. f4 Nc4 35. f5 Ne3+ 36. Kh3 Qa1 37. Bf3 Qf1+ 38. Kh2 Qxd3 39. fxg6 Qd2+ 40. Kh3 Nf1
41. Bg2 Ne3 42. Bh1 Qe1 43. Kh2 Qf2+ 44. Kh3 Qf1+ 45. Kh2 Ng4+
0-1

[Event "Standard Tournament Under 1600"]
[Site "SchemingMind.com"]
[Date "2010.12.08"]
[Round "-"]
[White "maro"]
[Black "lennart"]
[Result "0-1"]
[WhiteCountry "MEX"]
[BlackCountry "SWE"]
[WhiteElo "1316"]
[WhiteRD "61"]
[BlackElo "1522"]
[BlackRD "55"]
[GameID "269323"]

1. c4 e5 2. Nc3 Bd6 3. d3 Nf6 4. Bg5 O-O 5. g3 c6 6. Bh3 Na6 7. a3 Qa5 8. b4 Qd8 9. c5 Be7 10. Nf3 d6
11. Bxc8 Rxc8 12. Na4 b5 13. Nc3 Nh5 14. h4 dxc5 15. bxc5 Nxc5 16. Bxe7 Qxe7 17. d4 exd4 18. Nxd4 Rcd8 19. O-O Qf6 20. e3 a6
21. Qxh5 Nd3 22. f4 Nb2 23. Qe2 Nc4 24. Ne4 Qg6 25. a4 Qxe4 26. Nxc6 Qxc6 27. axb5 Qxb5 28. Rfb1 Qc6 29. Rc1 Rc8 30. Rxc4 Qxc4
31. Kf2 Qxe2+ 32. Kxe2 Ra8 33. e4 h6 34. h5 Rfb8 35. Kf3 a5 36. Ra3 a4
0-1

[Event "Standard Tournament Under 1600"]
[Site "SchemingMind.com"]
[Date "2010.12.08"]
[Round "-"]
[White "maro"]
[Black "badpawn"]
[Result "0-1"]
[WhiteCountry "MEX"]
[BlackCountry "SWE"]
[WhiteElo "1323"]
[WhiteRD "58"]
[BlackElo "1612"]
[BlackRD "74"]
[GameID "269324"]

1. c4 e5 2. d4 exd4 3. Qxd4 Nf6 4. Bg5 Be7 5. Nh3 c5 6. Qc3 d6 7. g3 O-O 8. Bg2 h6 9. Bxf6 Bxf6 10. Qf3 Bxb2
11. O-O Bxa1 12. Nd2 Bf6 13. Ne4 Be5 14. Nf4 Nc6 15. Nd5 f5 16. Nec3 f4 17. g4 Nd4 18. Qe4 Bxg4 19. h3 Bf5 20. Nf6+ Bxf6
21. Qxb7 Rb8 22. Qxa7 f3 23. exf3 Nxf3+ 24. Bxf3 Bxc3 25. Bd5+ Kh8
0-1

[Event "Standard Tournament Under 1600"]
[Site "SchemingMind.com"]
[Date "2010.12.08"]
[Round "-"]
[White "maro"]
[Black "michel"]
[Result "0-1"]
[WhiteCountry "MEX"]
[BlackCountry "CAN"]
[WhiteElo "1353"]
[WhiteRD "52"]
[BlackElo "1770"]
[BlackRD "138"]
[GameID "269325"]

1. c4 Nf6 2. Nc3 d5 3. cxd5 Nxd5 4. Qa4+ Bd7 5. Qe4 Bc6 6. Nxd5 Bxd5 7. Qa4+ Qd7 8. Qb4 e5 9. Qc3 Nc6 10. e3 O-O-O
11. Bb5 Bxg2 12. Bxc6 Qxc6 13. Qxc6 bxc6 14. a3 Bxh1 15. b4 Be4 16. Ne2 c5 17. Nc3 Bd3 18. bxc5 Bxc5 19. a4 Rhe8 20. Nb5 Bxb5
21. axb5 Kb7 22. Ra6 Rd6 23. Ra5 Kb6 24. Ra6+ Kxb5 25. Rxd6 cxd6
0-1

[Event "Standard Tournament Under 1600"]
[Site "SchemingMind.com"]
[Date "2010.12.08"]
[Round "-"]
[White "maro"]
[Black "ampp"]
[Result "0-1"]
[WhiteCountry "MEX"]
[BlackCountry "POR"]
[WhiteElo "1353"]
[WhiteRD "52"]
[BlackElo "1281"]
[BlackRD "53"]
[GameID "269326"]

1. c4 Nf6 2. Nc3 g6 3. d4 Bg7 4. Bg5 O-O 5. Nf3 Re8 6. c5 d6 7. Bxf6 Bxf6 8. b4 Nc6 9. e3 a5 10. Nd5 Bg7
11. Bb5 Bd7 12. O-O axb4 13. Qb3 e6 14. Nxb4 dxc5 15. Nxc6 Bxc6 16. Bxc6 cxd4 17. Bxb7 Rb8 18. Rfd1 e5 19. e4 Re6 20. Rdc1 Rb6
21. Qc4 R6xb7 22. Ng5 Qf6 23. h4 h6 24. Nf3 c6 25. a4 g5 26. Nh2 gxh4 27. Ng4 Qg5 28. f3 h5 29. Nh2 h3 30. g4 hxg4
31. Nxg4 Qh4 32. Kh2 Rb2+ 33. Kg1 h2+ 34. Kh1 Qg3 35. Rf1 Qg2#
0-1

[Event "Standard Tournament Under 1600"]
[Site "SchemingMind.com"]
[Date "2010.12.08"]
[Round "-"]
[White "Gary"]
[Black "maro"]
[Result "1-0"]
[WhiteCountry "ENG"]
[BlackCountry "MEX"]
[WhiteElo "1669"]
[WhiteRD "64"]
[BlackElo "1316"]
[BlackRD "61"]
[GameID "269327"]

1. c4 c6 2. Nf3 Nf6 3. e3 e5 4. Nxe5 Qe7 5. d4 d6 6. Nf3 d5 7. Nc3 g6 8. Bd3 Bh6 9. O-O O-O 10. Qb3 b6
11. cxd5 cxd5 12. Nxd5 Nxd5 13. Qxd5 Bb7 14. Qe5 Qxe5 15. Nxe5 Nc6 16. Nxc6 Bxc6 17. e4 Bxc1 18. Raxc1 Bd7 19. f4 Rad8 20. d5
1-0

[Event "Standard Tournament Under 1600"]
[Site "SchemingMind.com"]
[Date "2010.12.08"]
[Round "-"]
[White "BigDaddy"]
[Black "maro"]
[Result "1-0"]
[WhiteCountry "AUT"]
[BlackCountry "MEX"]
[WhiteElo "1401"]
[WhiteRD "73"]
[BlackElo "1323"]
[BlackRD "58"]
[GameID "269328"]

1. e4 Nf6 2. e5 Nd5 3. d4 e6 4. Nf3 h6 5. Bc4 Be7 6. Bxd5 exd5 7. Nc3 O-O 8. O-O Bb4 9. Bd2 Nc6 10. a3 Bxc3
11. Bxc3 d6 12. h3 b6 13. b4 dxe5 14. dxe5 a6 15. Nd4 Nxe5 16. Nf3 Nxf3+ 17. Qxf3 g6 18. Qe3 Kh7 19. Qd4 Rg8 20. Rfe1 Bd7
21. Re5 c5 22. Qxd5 Re8 23. Qxf7+ Kh8 24. Rxe8#
1-0

[Event "Standard Tournament Under 1600"]
[Site "SchemingMind.com"]
[Date "2010.12.08"]
[Round "-"]
[White "lennart"]
[Black "maro"]
[Result "1-0"]
[WhiteCountry "SWE"]
[BlackCountry "MEX"]
[WhiteElo "1520"]
[WhiteRD "55"]
[BlackElo "1336"]
[BlackRD "56"]
[GameID "269329"]

1. e4 Nf6 2. d3 e5 3. Be3 Bb4+ 4. c3 Ba5 5. Na3 O-O 6. Nc4 Nc6 7. Nf3 b5 8. Ncxe5 b4 9. Qb3 Nxe5 10. Nxe5 d5
11. Rd1 bxc3 12. bxc3 d4 13. Bxd4 Qxd4 14. Nc6 Bxc3+ 15. Ke2 Be6 16. Nxd4 Bxb3 17. Nxb3 a5 18. a4 Ra6 19. Rc1 Rc6 20. g3 Ra8
21. Kf3 h5 22. Bh3 Rd8 23. Rcd1 Bd4 24. Nxa5 Ra6 25. Nc4 Rxa4 26. Kg2 g5 27. Bf5 g4 28. h4 Ne8 29. Rb1 Nd6 30. Nxd6 cxd6
31. Rb5 Ra2 32. Rf1 Rd2 33. Rd5 Rxd3 34. e5 Rf3 35. Be4 Rc3 36. exd6 f6 37. Rxd4
1-0

[Event "Standard Tournament Under 1600"]
[Site "SchemingMind.com"]
[Date "2010.12.08"]
[Round "-"]
[White "badpawn"]
[Black "maro"]
[Result "1-0"]
[WhiteCountry "SWE"]
[BlackCountry "MEX"]
[WhiteElo "1612"]
[WhiteRD "74"]
[BlackElo "1323"]
[BlackRD "58"]
[GameID "269330"]

1. d4 Nf6 2. Nf3 e6 3. Bf4 d6 4. e3 Be7 5. c3 Ne4 6. Nbd2 d5 7. Be2 Nxf2 8. Kxf2 O-O 9. Rf1 Nc6 10. Kg1 Bd6
11. Ne5 Nxe5 12. dxe5 Bc5 13. Nb3 Qe7 14. Nxc5 Qxc5 15. Qd4 Qe7 16. Rae1 h6 17. Rf3 b6 18. Rg3 c5 19. Qd2 c4 20. Bxh6 Kh7
21. Bxg7 Rg8 22. Bf6 Qf8 23. Rh3+ Kg6 24. Qc2#
1-0

[Event "Standard Tournament Under 1600"]
[Site "SchemingMind.com"]
[Date "2010.12.08"]
[Round "-"]
[White "michel"]
[Black "maro"]
[Result "1-0"]
[WhiteCountry "CAN"]
[BlackCountry "MEX"]
[WhiteElo "1770"]
[WhiteRD "138"]
[BlackElo "1353"]
[BlackRD "52"]
[GameID "269331"]

1. Nf3 Nc6 2. d4 d5 3. c4 e6 4. Nc3 dxc4 5. e4 Nxd4 6. Qxd4 Qxd4 7. Nxd4 Bc5 8. Be3 b6 9. Bxc4 Bb7 10. Bb5+ c6
11. Bxc6+ Bxc6 12. Nxc6 Bxe3 13. fxe3 Nf6 14. e5 Ng4 15. O-O Nxe3 16. Rf3 Nc4 17. Nb5 O-O 18. Nd6 Nxe5 19. Nxe5
1-0

[Event "Standard Tournament Under 1600"]
[Site "SchemingMind.com"]
[Date "2010.12.08"]
[Round "-"]
[White "ampp"]
[Black "maro"]
[Result "0-1"]
[WhiteCountry "POR"]
[BlackCountry "MEX"]
[WhiteElo "1281"]
[WhiteRD "53"]
[BlackElo "1353"]
[BlackRD "52"]
[GameID "269332"]

1. Nf3 Nc6 2. g3 e5 3. Bg2 e4 4. Nh4 d5 5. O-O Bg4 6. h3 Be6 7. e3 Be7 8. b3 Bxh4 9. gxh4 Qxh4 10. Bb2 Bxh3
11. Qe2 Bxg2 12. Kxg2 Qg5+ 13. Kh1 f6 14. Rg1 Qh4+ 15. Kg2 Nh6 16. Kf1 Qh3+ 17. Ke1 O-O-O 18. Qf1 Qf5 19. Nc3 d4 20. exd4 Nxd4
21. Kd1 Nxc2 22. Rc1 Nd4 23. Rxg7 Qh5+ 24. Ke1 Nf3+
0-1